[Event "Chigorin Memorial 20th"]
[Site "St Petersburg"]
[Date "2012.10.28"]
[Round "2"]
[White "Melnikov, Nikolay"]
[Black "Cheremnova, Tamara"]
[Result "0-1"]
[WhiteElo "1752"]
[BlackElo "2235"]
[PlyCount "58"]
[EventDate "2012.10.27"]
[EventType "swiss"]
[EventRounds "9"]
[EventCountry "RUS"]
[SourceTitle "EXT 2013"]
[Source "ChessBase"]
[SourceDate "2012.11.22"]
[SourceVersion "1"]
[SourceVersionDate "2012.11.22"]
[SourceQuality "1"]

1. e4 c6 2. d4 d5 3. f3 dxe4 4. fxe4 e5 5. Nf3 Bg4 6. Bc4 Nf6 7. 0-0 Nbd7 8. c3 Bd6 9. Qd3 0-0 10. Bg5 Qc7 11. h3 Bh5 12. Nbd2 Rae8 13. Rae1 h6 14. Bxf6 Nxf6 15. dxe5 Bxe5 16. Nxe5 Rxe5 17. Nf3 Bxf3 18. Qxf3 Rfe8 19. Qg3 Qe7 20. Bb3 Kh8 21. Qf3 c5 22. Qd3 Rd8 23. Qc4 Kg8 24. Rxf6 gxf6 25. Re3 Rd2 26. Rg3+ Rg5 27. Rxg5+ hxg5 28. Qf1 Qxe4 29. Qf3 Qxf3 0-1

[Event "St Petersburg Chigorin CC-ch"]
[Site "St Petersburg"]
[Date "2008.05.22"]
[Round "8"]
[White "Melnikov, Nikolay"]
[Black "Gavrikov, Viktor1111"]
[Result "1-0"]
[WhiteElo "1853"]
[BlackElo "1678"]
[PlyCount "107"]
[EventDate "2008.05.13"]
[EventType "swiss"]
[EventRounds "9"]
[EventCountry "RUS"]
[SourceTitle "CBM 124 Extra"]
[Source "ChessBase"]
[SourceDate "2008.07.03"]
[SourceVersion "1"]
[SourceVersionDate "2008.07.03"]
[SourceQuality "1"]

1. b3 d6 2. Bb2 Nd7 3. e3 c5 4. d4 e6 5. Nf3 Ngf6 6. c4 b6 7. Nc3 a6 8. Bd3 Bb7 9. 0-0 cxd4 10. exd4 Be7 11. Re1 0-0 12. Nd2 d5 13. cxd5 Nxd5 14. Nxd5 Bxd5 15. Nc4 Bb4 16. Re2 Nf6 17. a3 Be7 18. Rc1 b5 19. Ne5 Rc8 20. b4 Rxc1 21. Qxc1 Qa8 22. f3 Rc8 23. Rc2 Rxc2 24. Qxc2 g6 25. Qc7 Qb7 26. Qxb7 Bxb7 27. Kf2 Kg7 28. Ke3 Nd5+ 29. Kf2 Bh4+ 30. Kg1 Be1 31. Be4 Bd2 32. Nd7 a5 33. bxa5 Bxa5 34. Nc5 Bc6 35. Nd3 f5 36. Bxd5 exd5 37. Kf2 Kf7 38. Ne5+ Ke6 39. Nxc6 Bb6 40. f4 h6 41. Ke3 g5 42. g3 Bc7 43. Na7 Bb6 44. Nxb5 Kd7 45. a4 Bd8 46. Ba3 h5 47. Bc5 g4 48. Nd6 Ke6 49. Nb7 Bc7 50. a5 Bb8 51. a6 Kd7 52. a7 Bxa7 53. Bxa7 Kc7 54. Na5 1-0

[Event "St Petersburg Chigorin CC-ch"]
[Site "St Petersburg"]
[Date "2008.05.13"]
[Round "1"]
[White "Melnikov, Nikolay"]
[Black "Pochinkov, Andrey"]
[Result "0-1"]
[WhiteElo "1853"]
[BlackElo "2136"]
[PlyCount "130"]
[EventDate "2008.05.13"]
[EventType "swiss"]
[EventRounds "9"]
[EventCountry "RUS"]
[SourceTitle "CBM 124 Extra"]
[Source "ChessBase"]
[SourceDate "2008.07.03"]
[SourceVersion "1"]
[SourceVersionDate "2008.07.03"]
[SourceQuality "1"]

1. e4 e6 2. d4 d5 3. Nc3 Bb4 4. e5 c5 5. a3 Bxc3+ 6. bxc3 Qa5 7. Bd2 Qa4 8. Nf3 Nc6 9. dxc5 Qe4+ 10. Qe2 Qxc2 11. Qd3 Qa4 12. Be2 Nge7 13. 0-0 Ng6 14. Bd1 Qa5 15. Qe3 Qc7 16. Re1 0-0 17. Bc2 f5 18. exf6 Rxf6 19. c4 dxc4 20. Bc3 e5 21. Ng5 Bf5 22. Bxf5 Rxf5 23. Nxh7 Qe7 24. Qh3 Qf7 25. g3 Nge7 26. Re4 Rh5 27. Rh4 Rxh4 28. Qxh4 Nf5 29. Ng5 Nxh4 30. Nxf7 Kxf7 31. gxh4 Rd8 32. Rb1 Rd7 33. Kg2 Kg6 34. Re1 Kf5 35. Re3 Kf4 36. Rf3+ Ke4 37. Re3+ Kd5 38. Kf3 Rf7+ 39. Kg3 Kxc5 40. Bxe5 Nxe5 41. Rxe5+ Kd4 42. f4 c3 43. Re1 Kd3 44. Kg4 Kd2 45. Rg1 Re7 46. Ra1 c2 47. Kg5 Re1 48. Ra2 Rg1+ 49. Kf5 Kc3 50. Rxc2+ Kxc2 51. h5 Kd3 52. Ke5 Re1+ 53. Kf5 Kd4 54. h4 Kd5 55. h6 gxh6 56. a4 Rh1 57. Kg4 Ke4 58. f5 Rg1+ 59. Kh5 Kxf5 60. a5 b5 61. axb6 axb6 62. Kxh6 b5 63. h5 b4 64. Kh7 b3 65. h6 b2 0-1

[Event "St Petersburg White Nights op"]
[Site "St Petersburg"]
[Date "2007.06.30"]
[Round "6"]
[White "Melnikov, Nikolay"]
[Black "Koniukhov, Vladimir"]
[Result "1/2-1/2"]
[WhiteElo "1855"]
[BlackElo "2032"]
[PlyCount "122"]
[EventDate "2007.06.25"]
[EventType "swiss"]
[EventRounds "9"]
[EventCountry "RUS"]
[SourceTitle "CBM 119 Extra"]
[Source "ChessBase"]
[SourceDate "2007.09.04"]
[SourceVersion "1"]
[SourceVersionDate "2007.09.04"]
[SourceQuality "1"]

1. e4 e5 2. Nf3 Nc6 3. Bb5 a6 4. Ba4 Nf6 5. 0-0 Bc5 6. Nxe5 Nxe5 7. d4 Bd6 8. dxe5 Bxe5 9. f4 Bd6 10. e5 Bc5+ 11. Kh1 Ng8 12. Qd5 Qe7 13. Nc3 Nh6 14. Ne4 Ba7 15. Bd2 Qe6 16. Qxe6+ fxe6 17. c4 Nf5 18. Rae1 h6 19. Bd1 0-0 20. b4 b5 21. c5 Bb7 22. Bc2 Rad8 23. Be3 d6 24. Bg1 dxe5 25. fxe5 Ne7 26. Rxf8+ Rxf8 27. a3 Nc6 28. Ng3 Ne7 29. Rd1 Nd5 30. Bb3 Bc6 31. Bxd5 Bxd5 32. Rf1 Rxf1 33. Nxf1 c6 34. Bd4 Kf7 35. Kg1 Bb8 36. Kf2 Bc7 37. g3 Bd8 38. Ne3 Be4 39. Nd1 g5 40. Ke3 Bc2 41. Nc3 g4 42. Kd2 Bf5 43. Be3 Kg6 44. Ne2 Kf7 45. Nd4 Bc7 46. Bf4 h5 47. Nxc6 Be4 48. Nd4 Bd5 49. Kc3 Kg6 50. Nc2 Kf5 51. Kd4 Bc6 52. Ne3+ Kg6 53. Kd3 Bb8 54. Nd1 Bc7 55. Nc3 Kf5 56. Kd4 Bf3 57. a4 Bc6 58. axb5 axb5 59. Nd1 Kg6 60. Nf2 Kf5 61. Kd3 Bd8 1/2-1/2

[Event "St Petersburg Zak Memorial"]
[Site "St Petersburg"]
[Date "2007.03.27"]
[Round "4"]
[White "Melnikov, Nikolay"]
[Black "Kosov, Igor"]
[Result "1-0"]
[WhiteElo "1838"]
[BlackElo "1745"]
[PlyCount "49"]
[EventDate "2007.03.24"]
[EventType "team"]
[EventRounds "9"]
[EventCountry "RUS"]
[SourceTitle "CBM 117 Extra"]
[Source "ChessBase"]
[SourceDate "2007.05.09"]
[SourceVersion "1"]
[SourceVersionDate "2007.05.09"]
[SourceQuality "1"]

1. e4 c5 2. f4 e5 3. Nf3 d6 4. Bc4 Be6 5. Bxe6 fxe6 6. fxe5 dxe5 7. 0-0 Nc6 8. d3 Qc7 9. Na3 Nf6 10. Nc4 0-0-0 11. Qe1 h6 12. a3 Be7 13. Be3 Ng4 14. Bd2 g5 15. h3 Nf6 16. b4 g4 17. b5 gxf3 18. bxc6 fxg2 19. cxb7+ Qxb7 20. Rf2 Rdg8 21. Rxf6 Qc6 22. Rxh6 Rxh6 23. Bxh6 Rh8 24. Be3 Qe8 25. Bg5 1-0

[Event "St Petersburg-ch qual"]
[Site "St Petersburg"]
[Date "2006.12.15"]
[Round "9"]
[White "Melnikov, Nikolay"]
[Black "Klobukov, Sergey"]
[Result "0-1"]
[WhiteElo "1820"]
[BlackElo "1988"]
[PlyCount "82"]
[EventDate "2006.11.27"]
[EventType "swiss"]
[EventRounds "10"]
[EventCountry "RUS"]
[SourceTitle "EXT 2008"]
[Source "ChessBase"]
[SourceDate "2007.11.25"]
[SourceVersion "1"]
[SourceVersionDate "2007.11.25"]
[SourceQuality "1"]

1. e4 e6 2. d4 d5 3. e5 c5 4. c3 Nc6 5. Nf3 Bd7 6. a3 a5 7. Be2 Be7 8. 0-0 h5 9. dxc5 Bxc5 10. c4 Nge7 11. Bg5 Qb6 12. Bxe7 Nxe7 13. b3 Rd8 14. cxd5 Nxd5 15. Bc4 Bc6 16. Qc1 Rh6 17. Bxd5 Bxd5 18. Nbd2 Rg6 19. Rb1 Qc6 20. Kh1 Rc8 21. b4 axb4 22. axb4 Bb6 23. Qxc6+ Rxc6 24. Nh4 Rg4 25. Ndf3 g5 26. h3 Rgc4 27. Nxg5 Rxh4 28. Kh2 Rhc4 29. Nh7 Rc2 30. Nf6+ Ke7 31. Nxd5+ exd5 32. f4 Re2 33. Kg3 Rc3+ 34. Kh4 Rxg2 35. Rh1 Rcg3 36. Rh2 Be3 37. Rf1 Rxh2 38. Kxg3 Rb2 39. Kh4 Rxb4 40. Kxh5 Rxf4 41. Rb1 b6 0-1

[Event "St Petersburg-ch qual"]
[Site "St Petersburg"]
[Date "2006.11.27"]
[Round "1"]
[White "Krylov, Andrei"]
[Black "Melnikov, Nikolay"]
[Result "0-1"]
[WhiteElo "2103"]
[BlackElo "1820"]
[PlyCount "87"]
[EventDate "2006.11.27"]
[EventType "swiss"]
[EventRounds "10"]
[EventCountry "RUS"]
[SourceTitle "EXT 2008"]
[Source "ChessBase"]
[SourceDate "2007.11.25"]
[SourceVersion "1"]
[SourceVersionDate "2007.11.25"]
[SourceQuality "1"]

1. d4 f5 2. g3 Nf6 3. Bg2 g6 4. Nf3 Bg7 5. 0-0 0-0 6. c4 d6 7. Qb3 c6 8. Nc3 Qe8 9. Bf4 Kh8 10. Rad1 Nh5 11. d5 Nxf4 12. gxf4 c5 13. Nb5 Na6 14. Ng5 h6 15. Ne6 Bxe6 16. dxe6 Qb8 17. a3 Nc7 18. Nc3 Nxe6 19. Nd5 Nd4 20. Rxd4 cxd4 21. Nxe7 Qe8 22. Qxb7 Kh7 23. Bd5 Rb8 24. Qxa7 Rxb2 25. e4 dxe3 26. Qxe3 Rf6 27. Re1 Qb8 28. a4 Rb1 29. Rxb1 Qxb1+ 30. Kg2 Qd1 31. a5 Qg4+ 32. Qg3 Qxg3+ 33. hxg3 Rf8 34. a6 Bd4 35. Nc6 Bc5 36. Kf3 Ra8 37. Nb4 Ra7 38. Nd3 Rxa6 39. Nxc5 dxc5 40. Kg2 g5 41. Bb7 Ra3 42. Bc8 Kg6 43. g4 fxg4 44. Bxg4 0-1

[Event "St Petersburg Chigorin CC-ch"]
[Site "St Petersburg"]
[Date "2005.05.25"]
[Round "9"]
[White "Kharlamov, Igor1111"]
[Black "Melnikov, Nikolay"]
[Result "1-0"]
[WhiteElo "1935"]
[BlackElo "1847"]
[PlyCount "43"]
[EventDate "2005.05.16"]
[EventType "swiss"]
[EventRounds "9"]
[EventCountry "RUS"]
[SourceTitle "EXT 2006"]
[Source "ChessBase"]
[SourceDate "2005.11.24"]
[SourceVersion "1"]
[SourceVersionDate "2005.11.24"]
[SourceQuality "1"]

1. e4 c5 2. d4 cxd4 3. Nf3 Nc6 4. c3 dxc3 5. Nxc3 e5 6. Bc4 d6 7. 0-0 Be6 8. Bxe6 fxe6 9. Ng5 Qd7 10. f4 0-0-0 11. f5 exf5 12. exf5 Nd4 13. Be3 h6 14. Ne6 Nxe6 15. fxe6 Qxe6 16. Bxa7 Kd7 17. Nd5 Qg6 18. Qa4+ Ke6 19. Qc4 Kd7 20. Qc7+ Ke6 21. Qxd8 Kxd5 22. Rad1+ 1-0